Business as war : Battling for competitive advantage
Salvato in:
| Autore principale: | |
|---|---|
| Natura: | Libro |
| Lingua: | Undetermined |
| Pubblicazione: |
Hoboken, N.J.
John Wiley
2004
|
| Soggetti: | |
| Tags: |
Aggiungi Tag
Nessun Tag, puoi essere il primo ad aggiungerne! !
|
| Thư viện lưu trữ: | Trung tâm Học liệu Trường Đại học Cần Thơ |
|---|
| LEADER | 00652nam a2200217Ia 4500 | ||
|---|---|---|---|
| 001 | CTU_109623 | ||
| 008 | 210402s9999 xx 000 0 und d | ||
| 020 | |c 24.95 | ||
| 082 | |a 658.4 | ||
| 082 | |b A419 | ||
| 100 | |a Allard, C. Kenneth | ||
| 245 | 0 | |a Business as war : | |
| 245 | 0 | |b Battling for competitive advantage | |
| 245 | 0 | |c C. Kenneth Allard | |
| 260 | |a Hoboken, N.J. | ||
| 260 | |b John Wiley | ||
| 260 | |c 2004 | ||
| 650 | |a Leadership,Business ethics,Strategic planning,Business intelligence,Business enterprises | ||
| 650 | |x Security measures | ||
| 904 | |i Giang, Q. Hieu | ||
| 980 | |a Trung tâm Học liệu Trường Đại học Cần Thơ | ||